[Event "World Chess Olympiad 2018"]
[Site "Batumi"]
[Date "2018.09.28"]
[Round "5"]
[Board "1"]
[WhiteFideId "4675789"]
[White "Meier Georg"]
[BlackFideId "13900048"]
[Black "Bologan Victor"]
[Result "0-1"]
[LiveChessVersion "1.4.8"]
[BlackElo "2580"]
[WhiteElo "2639"]

1. d4 {[%clk 1:30:57]} Nf6 {[%clk 1:30:55]} 2. c4 {[%clk 1:31:17]} e6
{[%clk 1:31:15]} 3. Nf3 {[%clk 1:31:37]} b6 {[%clk 1:31:35]} 4. g3
{[%clk 1:31:58]} Bb7 {[%clk 1:31:59]} 5. Bg2 {[%clk 1:32:22]} Be7
{[%clk 1:32:27]} 6. O-O {[%clk 1:32:40]} O-O {[%clk 1:32:47]} 7. Nc3
{[%clk 1:33:04]} Ne4 {[%clk 1:31:50]} 8. Bd2 {[%clk 1:33:28]} Bf6
{[%clk 1:29:55]} 9. Be1 {[%clk 1:33:20]} Nxc3 {[%clk 1:29:36]} 10. Bxc3
{[%clk 1:33:43]} Be4 {[%clk 1:30:01]} 11. Ne5 {[%clk 1:28:26]} Bxg2
{[%clk 1:27:01]} 12. Kxg2 {[%clk 1:28:50]} d5 {[%clk 1:25:24]} 13. cxd5
{[%clk 1:12:25]} Qxd5+ {[%clk 1:20:23]} 14. Nf3 {[%clk 1:12:50]} Nd7
{[%clk 1:16:50]} 15. Qc2 {[%clk 1:01:37]} c5 {[%clk 1:14:40]} 16. dxc5
{[%clk 1:01:04]} Qxc5 {[%clk 1:13:50]} 17. Rac1 {[%clk 0:59:13]} Bxc3
{[%clk 0:50:02]} 18. Qxc3 {[%clk 0:56:08]} Qxc3 {[%clk 0:49:30]} 19. Rxc3
{[%clk 0:56:12]} Rfc8 {[%clk 0:49:58]} 20. Rfc1 {[%clk 0:56:05]} Rxc3
{[%clk 0:50:22]} 21. Rxc3 {[%clk 0:56:29]} Kf8 {[%clk 0:50:22]} 22. Rc7
{[%clk 0:50:58]} Ke8 {[%clk 0:50:42]} 23. Nd4 {[%clk 0:51:19]} Ke7
{[%clk 0:48:42]} 24. f4 {[%clk 0:36:49]} a6 {[%clk 0:41:02]} 25. e4
{[%clk 0:32:19]} Kd8 {[%clk 0:39:31]} 26. Rc3 {[%clk 0:31:15]} Rc8
{[%clk 0:38:20]} 27. Nc6+ {[%clk 0:30:41]} Ke8 {[%clk 0:38:42]} 28. Kf3
{[%clk 0:30:47]} a5 {[%clk 0:33:23]} 29. Ke3 {[%clk 0:28:24]} f6 {[%clk 0:32:03]}
30. a3 {[%clk 0:14:51]} e5 {[%clk 0:26:43]} 31. f5 {[%clk 0:11:30]} Rc7
{[%clk 0:24:49]} 32. b4 {[%clk 0:08:19]} axb4 {[%clk 0:24:17]} 33. axb4
{[%clk 0:08:43]} Nb8 {[%clk 0:24:27]} 34. b5 {[%clk 0:09:07]} Nxc6
{[%clk 0:24:50]} 35. bxc6 {[%clk 0:09:31]} Ke7 {[%clk 0:25:10]} 36. g4
{[%clk 0:09:19]} Kd6 {[%clk 0:24:58]} 37. h4 {[%clk 0:08:33]} Rxc6
{[%clk 0:22:11]} 38. Rb3 {[%clk 0:07:01]} Kc7 {[%clk 0:11:43]} 39. g5
{[%clk 0:07:18]} Rc1 {[%clk 0:05:37]} 40. Ra3 {[%clk 0:33:43]} Kb7
{[%clk 0:35:42]} 41. Rd3 {[%clk 0:33:56]} Kc6 {[%clk 0:29:13]} 42. Rd8
{[%clk 0:27:03]} Rh1 {[%clk 0:27:54]} 43. Rc8+ {[%clk 0:25:05]} Kb5
{[%clk 0:27:27]} 44. Rg8 {[%clk 0:24:48]} Rh3+ {[%clk 0:27:23]} 45. Kd2
{[%clk 0:24:58]} Rxh4 {[%clk 0:27:15]} 46. Rxg7 {[%clk 0:25:24]} fxg5
{[%clk 0:24:23]} 47. Rxg5 {[%clk 0:25:40]} Kc5 {[%clk 0:20:32]} 48. f6
{[%clk 0:12:07]} Kd6 {[%clk 0:20:37]} 49. f7 {[%clk 0:12:19]} Rf4
{[%clk 0:19:20]} 50. Rg7 {[%clk 0:12:38]} Ke6 {[%clk 0:17:15]} 51. Rxh7
{[%clk 0:12:26]} Rxf7 {[%clk 0:17:35]} 52. Rh6+ {[%clk 0:09:40]} Rf6
{[%clk 0:16:19]} 53. Rh5 {[%clk 0:07:18]} Kd6 {[%clk 0:13:32]} 54. Kc3
{[%clk 0:07:43]} Rf4 {[%clk 0:12:21]} 55. Kd3 {[%clk 0:08:04]} Rg4
{[%clk 0:11:49]} 56. Rh6+ {[%clk 0:07:58]} Kc5 {[%clk 0:11:59]} 57. Re6
{[%clk 0:08:23]} Rg3+ {[%clk 0:11:27]} 58. Ke2 {[%clk 0:01:00]} Rg5
{[%clk 0:11:04]} 59. Re8 {[%clk 0:01:28]} b5 {[%clk 0:10:03]} 60. Rd8
{[%clk 0:01:46]} b4 {[%clk 0:09:53]} 61. Kd3 {[%clk 0:01:16]} Rg3+
{[%clk 0:10:02]} 62. Kd2 {[%clk 0:01:10]} Kc4 {[%clk 0:09:48]} 63. Rd5
{[%clk 0:00:42]} b3 {[%clk 0:09:55]} 64. Rxe5 {[%clk 0:00:43]} Rg1
{[%clk 0:10:10]} 0-1

[Event "World Chess Olympiad 2018"]
[Site "Batumi"]
[Date "2018.09.28"]
[Round "5"]
[Board "2"]
[WhiteFideId "13900200"]
[White "Iordachescu Viorel"]
[BlackFideId "24651516"]
[Black "Bluebaum Matthias"]
[Result "1/2-1/2"]
[LiveChessVersion "1.4.8"]
[BlackElo "2618"]
[WhiteElo "2591"]

1. d4 {[%clk 1:30:42]} Nf6 {[%clk 1:30:26]} 2. Bf4 {[%clk 1:31:04]} d5
{[%clk 1:30:22]} 3. e3 {[%clk 1:30:57]} c5 {[%clk 1:30:42]} 4. c3
{[%clk 1:30:54]} Nc6 {[%clk 1:31:05]} 5. Nd2 {[%clk 1:30:46]} Bf5
{[%clk 1:30:48]} 6. Qb3 {[%clk 1:30:06]} Qc8 {[%clk 1:29:16]} 7. Ngf3
{[%clk 1:29:12]} e6 {[%clk 1:29:18]} 8. Nh4 {[%clk 1:28:58]} Be4 {[%clk 1:29:27]}
9. f3 {[%clk 1:28:21]} Bg6 {[%clk 1:29:23]} 10. g4 {[%clk 1:26:10]} Be7
{[%clk 1:27:21]} 11. Bg3 {[%clk 1:21:43]} Nd7 {[%clk 1:23:41]} 12. Be2
{[%clk 1:17:32]} c4 {[%clk 1:10:46]} 13. Qd1 {[%clk 1:15:24]} Qd8
{[%clk 1:10:00]} 14. Nxg6 {[%clk 1:12:16]} hxg6 {[%clk 1:10:25]} 15. Kf2
{[%clk 1:07:13]} Bh4 {[%clk 1:05:03]} 16. Kg2 {[%clk 1:07:10]} b5
{[%clk 0:55:39]} 17. f4 {[%clk 1:04:13]} Qe7 {[%clk 0:47:08]} 18. Qc2
{[%clk 1:02:01]} Nb6 {[%clk 0:41:25]} 19. b3 {[%clk 0:53:06]} Qa3
{[%clk 0:31:29]} 20. Nf3 {[%clk 0:51:52]} Bxg3 {[%clk 0:30:29]} 21. hxg3
{[%clk 0:51:58]} O-O-O {[%clk 0:29:34]} 22. Ng5 {[%clk 0:48:35]} Qe7
{[%clk 0:28:44]} 23. Nf3 {[%clk 0:35:00]} Qa3 {[%clk 0:27:42]} 24. Ng5
{[%clk 0:33:03]} Qe7 {[%clk 0:28:07]} 25. Nf3 {[%clk 0:29:31]} 1/2-1/2

[Event "World Chess Olympiad 2018"]
[Site "Batumi"]
[Date "2018.09.28"]
[Round "5"]
[Board "3"]
[WhiteFideId "11600454"]
[White "Fridman Daniel"]
[BlackFideId "13902393"]
[Black "Hamitevici Vladimir"]
[Result "1-0"]
[LiveChessVersion "1.4.8"]
[BlackElo "2505"]
[WhiteElo "2591"]

1. d4 {[%clk 1:30:57]} Nf6 {[%clk 1:18:48]} 2. c4 {[%clk 1:30:10]} e6
{[%clk 1:17:33]} 3. Nf3 {[%clk 1:30:32]} b6 {[%clk 1:17:32]} 4. g3
{[%clk 1:30:54]} Bb7 {[%clk 1:17:56]} 5. Bg2 {[%clk 1:31:18]} Be7
{[%clk 1:18:19]} 6. O-O {[%clk 1:31:42]} O-O {[%clk 1:18:46]} 7. Re1
{[%clk 1:32:06]} Na6 {[%clk 1:16:41]} 8. a3 {[%clk 1:31:57]} Qc8 {[%clk 1:10:44]}
9. Bg5 {[%clk 1:14:08]} h6 {[%clk 0:53:30]} 10. Bxf6 {[%clk 1:14:28]} Bxf6
{[%clk 0:53:59]} 11. e4 {[%clk 1:14:04]} d6 {[%clk 0:54:13]} 12. Nc3
{[%clk 1:02:07]} g6 {[%clk 0:43:10]} 13. Rc1 {[%clk 0:53:40]} Bg7
{[%clk 0:43:12]} 14. b4 {[%clk 0:52:07]} Qe8 {[%clk 0:27:06]} 15. e5
{[%clk 0:46:40]} dxe5 {[%clk 0:24:07]} 16. Nxe5 {[%clk 0:46:41]} Bxg2
{[%clk 0:24:02]} 17. Kxg2 {[%clk 0:47:04]} f6 {[%clk 0:16:32]} 18. Nd3
{[%clk 0:38:26]} c6 {[%clk 0:14:58]} 19. Nf4 {[%clk 0:35:31]} e5 {[%clk 0:13:08]}
20. dxe5 {[%clk 0:29:53]} fxe5 {[%clk 0:13:29]} 21. Qg4 {[%clk 0:29:58]} g5
{[%clk 0:07:12]} 22. Nh5 {[%clk 0:28:22]} Qf7 {[%clk 0:06:04]} 23. Ne4
{[%clk 0:28:27]} Rad8 {[%clk 0:04:07]} 24. Nxg7 {[%clk 0:23:58]} Kxg7
{[%clk 0:04:05]} 25. h4 {[%clk 0:23:33]} Qf5 {[%clk 0:01:19]} 26. Qxf5
{[%clk 0:20:02]} Rxf5 {[%clk 0:01:47]} 27. hxg5 {[%clk 0:20:20]} hxg5
{[%clk 0:01:01]} 28. Rcd1 {[%clk 0:17:51]} Rxd1 {[%clk 0:00:39]} 29. Rxd1
{[%clk 0:18:14]} g4 {[%clk 0:01:07]} 30. Rd8 {[%clk 0:06:12]} Rf8
{[%clk 0:00:37]} 31. Rxf8 {[%clk 0:06:16]} Kxf8 {[%clk 0:01:06]} 32. Nf6
{[%clk 0:06:27]} Ke7 {[%clk 0:01:26]} 33. Nxg4 {[%clk 0:06:52]} e4
{[%clk 0:00:42]} 34. f4 {[%clk 0:04:21]} exf3+ {[%clk 0:00:59]} 35. Kxf3
{[%clk 0:04:46]} Nc7 {[%clk 0:00:55]} 36. Ke4 {[%clk 0:04:06]} a5
{[%clk 0:00:41]} 37. Ne5 {[%clk 0:03:52]} axb4 {[%clk 0:00:43]} 38. Nxc6+
{[%clk 0:02:58]} Kd6 {[%clk 0:01:12]} 39. Nxb4 {[%clk 0:03:16]} Kc5
{[%clk 0:01:41]} 40. Nd5 {[%clk 0:32:42]} Ne8 {[%clk 0:32:05]} 41. Ke5
{[%clk 0:24:33]} Nd6 {[%clk 0:31:28]} 42. Nxb6 {[%clk 0:17:20]} Nf7+
{[%clk 0:31:50]} 43. Ke6 {[%clk 0:17:42]} Ng5+ {[%clk 0:29:19]} 44. Kf5
{[%clk 0:18:00]} Nf7 {[%clk 0:29:42]} 45. Nd7+ {[%clk 0:17:17]} 1-0

[Event "World Chess Olympiad 2018"]
[Site "Batumi"]
[Date "2018.09.28"]
[Round "5"]
[Board "4"]
[WhiteFideId "13900463"]
[White "Svetushkin Dmitry"]
[BlackFideId "4657101"]
[Black "Svane Rasmus"]
[Result "0-1"]
[LiveChessVersion "1.4.8"]
[BlackElo "2595"]
[WhiteElo "2580"]

1. e4 {[%clk 1:30:52]} e6 {[%clk 1:30:56]} 2. d4 {[%clk 1:30:57]} d5
{[%clk 1:31:23]} 3. Nc3 {[%clk 1:31:19]} Nf6 {[%clk 1:31:50]} 4. e5
{[%clk 1:31:43]} Nfd7 {[%clk 1:32:16]} 5. f4 {[%clk 1:32:08]} c5 {[%clk 1:32:42]}
6. Nf3 {[%clk 1:32:32]} Nc6 {[%clk 1:33:09]} 7. Be3 {[%clk 1:32:56]} a6
{[%clk 1:33:36]} 8. Qd2 {[%clk 1:32:24]} b5 {[%clk 1:34:01]} 9. Bd3
{[%clk 1:32:20]} Qb6 {[%clk 1:33:58]} 10. Qf2 {[%clk 1:32:43]} cxd4
{[%clk 1:34:21]} 11. Nxd4 {[%clk 1:33:04]} Bc5 {[%clk 1:34:49]} 12. Nce2
{[%clk 1:33:02]} b4 {[%clk 1:34:47]} 13. O-O {[%clk 1:29:35]} a5 {[%clk 1:32:47]}
14. Rac1 {[%clk 1:29:10]} O-O {[%clk 1:26:52]} 15. c3 {[%clk 1:27:19]} Ba6
{[%clk 1:25:54]} 16. Bxa6 {[%clk 1:18:10]} Rxa6 {[%clk 1:26:18]} 17. c4
{[%clk 1:07:09]} Ne7 {[%clk 1:14:17]} 18. Qg3 {[%clk 0:55:25]} Raa8
{[%clk 0:58:00]} 19. Rc2 {[%clk 0:43:48]} Rac8 {[%clk 0:44:44]} 20. Rfc1
{[%clk 0:44:13]} Qa6 {[%clk 0:37:01]} 21. b3 {[%clk 0:30:19]} Nb6
{[%clk 0:27:20]} 22. Qf2 {[%clk 0:26:15]} Nd7 {[%clk 0:16:02]} 23. Ng3
{[%clk 0:22:47]} dxc4 {[%clk 0:12:13]} 24. bxc4 {[%clk 0:22:47]} a4
{[%clk 0:10:08]} 25. Ne4 {[%clk 0:19:42]} Bxd4 {[%clk 0:09:37]} 26. Bxd4
{[%clk 0:20:06]} b3 {[%clk 0:06:32]} 27. axb3 {[%clk 0:18:14]} axb3
{[%clk 0:07:00]} 28. Rc3 {[%clk 0:18:37]} Nf5 {[%clk 0:06:45]} 29. Nd6
{[%clk 0:13:33]} b2 {[%clk 0:04:16]} 30. Rb1 {[%clk 0:10:26]} Nxd4
{[%clk 0:04:04]} 31. Nxc8 {[%clk 0:10:02]} Qa2 {[%clk 0:03:33]} 32. Ne7+
{[%clk 0:02:37]} Kh8 {[%clk 0:04:02]} 33. Qxb2 {[%clk 0:01:08]} Ne2+
{[%clk 0:04:31]} 34. Kf2 {[%clk 0:01:34]} Qxb2 {[%clk 0:04:45]} 35. Rxb2
{[%clk 0:01:59]} Nxc3 {[%clk 0:05:11]} 0-1

[Event "World Chess Olympiad 2018"]
[Site "Batumi"]
[Date "2018.09.28"]
[Round "5"]
[Board "1"]
[WhiteFideId "12800112"]
[White "Sulskis Sarunas"]
[BlackFideId "24116068"]
[Black "Giri Anish"]
[Result "0-1"]
[LiveChessVersion "1.4.8"]
[BlackElo "2780"]
[WhiteElo "2525"]

1. e4 {[%clk 1:30:52]} e6 {[%clk 1:30:56]} 2. d4 {[%clk 1:29:05]} d5
{[%clk 1:31:18]} 3. e5 {[%clk 1:26:09]} c5 {[%clk 1:31:34]} 4. c3
{[%clk 1:26:13]} Nc6 {[%clk 1:31:40]} 5. Nf3 {[%clk 1:26:36]} Qb6
{[%clk 1:32:06]} 6. Bd3 {[%clk 1:25:52]} cxd4 {[%clk 1:31:07]} 7. cxd4
{[%clk 1:26:10]} Bd7 {[%clk 1:31:32]} 8. Nc3 {[%clk 1:25:17]} Nxd4
{[%clk 1:27:29]} 9. Nxd4 {[%clk 1:25:29]} Qxd4 {[%clk 1:27:54]} 10. O-O
{[%clk 1:25:52]} a6 {[%clk 1:24:43]} 11. Qe2 {[%clk 1:20:24]} Rc8
{[%clk 1:06:27]} 12. Kh1 {[%clk 1:07:29]} Bc5 {[%clk 1:05:00]} 13. Bg5
{[%clk 1:03:00]} h6 {[%clk 1:02:13]} 14. Bd2 {[%clk 1:02:29]} Ne7
{[%clk 1:01:53]} 15. Rac1 {[%clk 0:59:49]} O-O {[%clk 0:54:17]} 16. a3
{[%clk 0:46:44]} Qh4 {[%clk 0:52:45]} 17. f4 {[%clk 0:42:38]} f5 {[%clk 0:51:19]}
18. Nd1 {[%clk 0:28:02]} Be8 {[%clk 0:45:21]} 19. Be1 {[%clk 0:18:04]} Qh5
{[%clk 0:45:22]} 20. Qd2 {[%clk 0:16:41]} Rc6 {[%clk 0:35:18]} 21. Nf2
{[%clk 0:16:03]} Ba7 {[%clk 0:33:30]} 22. Be2 {[%clk 0:14:06]} Qf7
{[%clk 0:31:30]} 23. Ra1 {[%clk 0:13:19]} Bd7 {[%clk 0:31:07]} 24. Nd3
{[%clk 0:12:58]} Rfc8 {[%clk 0:31:24]} 25. Bd1 {[%clk 0:12:04]} R6c7
{[%clk 0:26:51]} 26. a4 {[%clk 0:11:49]} d4 {[%clk 0:25:44]} 27. Bb3
{[%clk 0:10:40]} Bc6 {[%clk 0:25:21]} 28. Bf2 {[%clk 0:09:11]} Bd5
{[%clk 0:24:36]} 29. Bxd5 {[%clk 0:08:07]} Nxd5 {[%clk 0:24:54]} 30. Rfc1
{[%clk 0:08:21]} Qd7 {[%clk 0:23:31]} 31. Rxc7 {[%clk 0:07:30]} Rxc7
{[%clk 0:23:58]} 32. h3 {[%clk 0:06:21]} Ne3 {[%clk 0:24:04]} 33. Ne1
{[%clk 0:06:13]} Qc6 {[%clk 0:21:40]} 34. Bxe3 {[%clk 0:03:31]} dxe3
{[%clk 0:22:01]} 35. Qe2 {[%clk 0:03:55]} Qe4 {[%clk 0:21:21]} 36. Nd3
{[%clk 0:03:18]} Rd7 {[%clk 0:21:35]} 37. Ra3 {[%clk 0:03:25]} a5
{[%clk 0:20:55]} 38. Kh2 {[%clk 0:03:19]} Kh7 {[%clk 0:21:11]} 39. h4
{[%clk 0:02:39]} Rd4 {[%clk 0:16:45]} 40. h5 {[%clk 0:31:32]} Rxa4
{[%clk 0:46:56]} 41. Rxa4 {[%clk 0:13:55]} Qxa4 {[%clk 0:47:23]} 42. g4
{[%clk 0:14:13]} fxg4 {[%clk 0:42:22]} 43. Kg3 {[%clk 0:11:30]} Qe4
{[%clk 0:42:12]} 44. Kxg4 {[%clk 0:10:32]} Bd4 {[%clk 0:40:47]} 45. Kg3
{[%clk 0:10:38]} a4 {[%clk 0:40:47]} 46. Ne1 {[%clk 0:09:05]} Bc5
{[%clk 0:31:12]} 47. Nf3 {[%clk 0:08:43]} Be7 {[%clk 0:30:41]} 48. Nh2
{[%clk 0:06:20]} b5 {[%clk 0:30:24]} 49. Ng4 {[%clk 0:05:17]} b4 {[%clk 0:29:16]}
50. Nf2 {[%clk 0:05:16]} Qf5 {[%clk 0:29:37]} 51. Ng4 {[%clk 0:03:41]} a3
{[%clk 0:28:59]} 52. bxa3 {[%clk 0:03:10]} bxa3 {[%clk 0:29:28]} 53. Nxe3
{[%clk 0:03:16]} Qe4 {[%clk 0:29:51]} 54. Qc2 {[%clk 0:02:16]} Qxc2
{[%clk 0:30:15]} 55. Nxc2 {[%clk 0:02:43]} a2 {[%clk 0:30:36]} 56. Kf3
{[%clk 0:01:50]} Ba3 {[%clk 0:31:01]} 57. f5 {[%clk 0:01:57]} exf5
{[%clk 0:31:26]} 58. Kf4 {[%clk 0:02:04]} g6 {[%clk 0:31:51]} 59. e6
{[%clk 0:01:43]} Bd6+ {[%clk 0:32:07]} 0-1

[Event "World Chess Olympiad 2018"]
[Site "Batumi"]
[Date "2018.09.28"]
[Round "5"]
[Board "2"]
[WhiteFideId "1000268"]
[White "Van Wely Loek"]
[BlackFideId "12809390"]
[Black "Pultinevicius Paulius"]
[Result "1-0"]
[LiveChessVersion "1.4.8"]
[BlackElo "2465"]
[WhiteElo "2642"]

1. c4 {[%clk 1:30:54]} Nf6 {[%clk 1:30:52]} 2. Nc3 {[%clk 1:31:10]} d5
{[%clk 1:31:14]} 3. cxd5 {[%clk 1:31:08]} Nxd5 {[%clk 1:31:38]} 4. g3
{[%clk 1:30:29]} g6 {[%clk 1:30:38]} 5. Bg2 {[%clk 1:30:49]} Nb6 {[%clk 1:30:37]}
6. h4 {[%clk 1:29:37]} Bg7 {[%clk 1:18:45]} 7. h5 {[%clk 1:29:22]} Nc6
{[%clk 1:18:53]} 8. Nf3 {[%clk 1:13:40]} Bg4 {[%clk 1:18:13]} 9. h6
{[%clk 1:09:31]} Bf6 {[%clk 0:55:41]} 10. Ne4 {[%clk 1:09:19]} e5
{[%clk 0:51:51]} 11. b3 {[%clk 1:00:59]} O-O {[%clk 0:43:19]} 12. Nxf6+
{[%clk 0:58:47]} Qxf6 {[%clk 0:43:42]} 13. Bb2 {[%clk 0:58:58]} Rfe8
{[%clk 0:43:28]} 14. Rh4 {[%clk 0:52:48]} Be6 {[%clk 0:40:39]} 15. Rc1
{[%clk 0:45:30]} Rad8 {[%clk 0:35:23]} 16. Rxc6 {[%clk 0:37:18]} bxc6
{[%clk 0:35:45]} 17. Bxe5 {[%clk 0:37:37]} Qe7 {[%clk 0:35:14]} 18. Qa1
{[%clk 0:33:23]} Bd5 {[%clk 0:20:44]} 19. e4 {[%clk 0:29:29]} Qf8
{[%clk 0:18:16]} 20. Kf1 {[%clk 0:24:57]} Be6 {[%clk 0:17:46]} 21. Bg7
{[%clk 0:24:49]} Qb4 {[%clk 0:15:05]} 22. Bf6 {[%clk 0:24:12]} Rd7
{[%clk 0:14:59]} 23. Be7 {[%clk 0:23:37]} Qb5+ {[%clk 0:15:19]} 24. Kg1
{[%clk 0:24:02]} f6 {[%clk 0:14:40]} 25. Bxf6 {[%clk 0:24:13]} c5
{[%clk 0:14:56]} 26. Bf1 {[%clk 0:15:58]} c4 {[%clk 0:11:24]} 27. Nd4
{[%clk 0:16:14]} Qc5 {[%clk 0:10:13]} 28. Nxe6 {[%clk 0:16:26]} Rxe6
{[%clk 0:10:19]} 29. Bh3 {[%clk 0:16:46]} Red6 {[%clk 0:09:52]} 30. Rf4
{[%clk 0:13:01]} 1-0

[Event "World Chess Olympiad 2018"]
[Site "Batumi"]
[Date "2018.09.28"]
[Round "5"]
[Board "3"]
[WhiteFideId "12803731"]
[White "Laurusas Tomas"]
[BlackFideId "1039784"]
[Black "Van Foreest Jorden"]
[Result "1/2-1/2"]
[LiveChessVersion "1.4.8"]
[BlackElo "2624"]
[WhiteElo "2484"]

1. d4 {[%clk 1:30:57]} Nf6 {[%clk 1:30:53]} 2. c4 {[%clk 1:31:20]} e6
{[%clk 1:31:18]} 3. Nf3 {[%clk 1:31:46]} d5 {[%clk 1:31:42]} 4. Nc3
{[%clk 1:32:13]} dxc4 {[%clk 1:31:55]} 5. e3 {[%clk 1:32:39]} a6 {[%clk 1:31:32]}
6. a4 {[%clk 1:33:04]} b6 {[%clk 1:31:53]} 7. Bxc4 {[%clk 1:33:19]} Bb7
{[%clk 1:32:07]} 8. O-O {[%clk 1:31:12]} Bb4 {[%clk 1:29:28]} 9. Bd2
{[%clk 1:23:08]} Nbd7 {[%clk 1:27:47]} 10. Ne4 {[%clk 1:08:05]} Bxd2
{[%clk 1:23:40]} 11. Nexd2 {[%clk 0:57:48]} Qe7 {[%clk 1:22:02]} 12. Be2
{[%clk 0:48:19]} O-O {[%clk 1:15:17]} 13. Nc4 {[%clk 0:48:34]} Rfd8
{[%clk 1:11:34]} 14. Qb3 {[%clk 0:48:57]} Rab8 {[%clk 1:06:47]} 15. Rfc1
{[%clk 0:45:24]} c5 {[%clk 1:06:06]} 16. dxc5 {[%clk 0:39:43]} Nxc5
{[%clk 0:54:20]} 17. Qa3 {[%clk 0:35:29]} Nfd7 {[%clk 0:50:58]} 18. b4
{[%clk 0:28:59]} Ne4 {[%clk 0:45:36]} 19. Ra2 {[%clk 0:26:50]} Bd5
{[%clk 0:36:04]} 20. Rac2 {[%clk 0:26:31]} Rbc8 {[%clk 0:29:28]} 21. Qb2
{[%clk 0:23:45]} h6 {[%clk 0:28:33]} 22. h3 {[%clk 0:24:05]} Ng5 {[%clk 0:25:42]}
23. Ncd2 {[%clk 0:23:45]} Nxf3+ {[%clk 0:25:46]} 24. Nxf3 {[%clk 0:23:40]} Rxc2
{[%clk 0:26:07]} 25. Rxc2 {[%clk 0:24:08]} a5 {[%clk 0:26:14]} 26. bxa5
{[%clk 0:24:04]} bxa5 {[%clk 0:24:28]} 27. Qb5 {[%clk 0:23:56]} Qb4
{[%clk 0:22:44]} 28. Qxb4 {[%clk 0:15:28]} axb4 {[%clk 0:23:12]} 29. Rb2
{[%clk 0:15:53]} Rb8 {[%clk 0:18:11]} 30. Bb5 {[%clk 0:16:17]} Nc5
{[%clk 0:18:39]} 31. Rxb4 {[%clk 0:16:40]} Nxa4 {[%clk 0:19:06]} 32. Rxa4
{[%clk 0:16:57]} 1/2-1/2

[Event "World Chess Olympiad 2018"]
[Site "Batumi"]
[Date "2018.09.28"]
[Round "5"]
[Board "4"]
[WhiteFideId "1008013"]
[White "Tiviakov Sergei"]
[BlackFideId "12800031"]
[Black "Malisauskas Vidmantas"]
[Result "1-0"]
[LiveChessVersion "1.4.8"]
[BlackElo "2443"]
[WhiteElo "2604"]

1. e4 {[%clk 1:30:56]} c6 {[%clk 1:30:51]} 2. Nc3 {[%clk 1:31:03]} d5
{[%clk 1:31:10]} 3. Nf3 {[%clk 1:31:26]} dxe4 {[%clk 1:30:08]} 4. Nxe4
{[%clk 1:31:50]} Nf6 {[%clk 1:30:27]} 5. Nxf6+ {[%clk 1:28:34]} gxf6
{[%clk 1:25:08]} 6. d4 {[%clk 1:28:59]} Bg4 {[%clk 1:25:24]} 7. Be2
{[%clk 1:28:45]} Qc7 {[%clk 1:25:25]} 8. Be3 {[%clk 1:28:06]} e6 {[%clk 1:25:38]}
9. Nh4 {[%clk 1:26:24]} Bxe2 {[%clk 1:25:44]} 10. Qxe2 {[%clk 1:26:50]} h5
{[%clk 1:25:22]} 11. O-O-O {[%clk 1:24:36]} Nd7 {[%clk 1:19:51]} 12. c4
{[%clk 1:24:04]} O-O-O {[%clk 1:19:20]} 13. Kb1 {[%clk 1:24:07]} Bd6
{[%clk 1:10:02]} 14. d5 {[%clk 1:21:36]} c5 {[%clk 1:09:39]} 15. g3
{[%clk 1:21:31]} Ne5 {[%clk 1:02:30]} 16. f4 {[%clk 1:12:18]} Ng4
{[%clk 1:02:14]} 17. Bc1 {[%clk 1:12:04]} e5 {[%clk 1:01:38]} 18. h3
{[%clk 1:02:12]} Nh6 {[%clk 1:02:00]} 19. fxe5 {[%clk 1:02:21]} Bxe5
{[%clk 1:02:16]} 20. Qxh5 {[%clk 1:02:44]} Rdg8 {[%clk 1:01:51]} 21. Bxh6
{[%clk 0:55:24]} Rxg3 {[%clk 0:57:08]} 22. Qf5+ {[%clk 0:53:00]} Kb8
{[%clk 0:55:37]} 23. Qc2 {[%clk 0:52:27]} Bxb2 {[%clk 0:45:11]} 24. Qxb2
{[%clk 0:52:10]} 1-0

[Event "World Chess Olympiad 2018"]
[Site "Batumi"]
[Date "2018.09.28"]
[Round "5"]
[Board "2"]
[WhiteFideId "3702308"]
[White "Vazquez Guillermo"]
[BlackFideId "5007003"]
[Black "Harikrishna Pentala"]
[Result "1/2-1/2"]
[LiveChessVersion "1.4.8"]
[BlackElo "2743"]
[WhiteElo "2468"]

1. d4 {[%clk 1:30:55]} Nf6 {[%clk 1:30:53]} 2. c4 {[%clk 1:31:12]} e6
{[%clk 1:31:18]} 3. Nc3 {[%clk 1:31:29]} Bb4 {[%clk 1:31:43]} 4. Qc2
{[%clk 1:31:44]} O-O {[%clk 1:32:03]} 5. a3 {[%clk 1:31:35]} Bxc3+
{[%clk 1:32:27]} 6. Qxc3 {[%clk 1:31:58]} b6 {[%clk 1:32:53]} 7. Bg5
{[%clk 1:32:14]} Bb7 {[%clk 1:33:09]} 8. e3 {[%clk 1:31:45]} d6 {[%clk 1:33:01]}
9. Ne2 {[%clk 1:31:54]} Nbd7 {[%clk 1:33:19]} 10. Qc2 {[%clk 1:31:56]} c5
{[%clk 1:32:37]} 11. Rd1 {[%clk 1:31:59]} Qc8 {[%clk 1:30:40]} 12. Nc3
{[%clk 1:28:43]} cxd4 {[%clk 1:28:43]} 13. Rxd4 {[%clk 1:28:54]} d5
{[%clk 1:28:26]} 14. Bxf6 {[%clk 0:56:16]} Nxf6 {[%clk 1:28:41]} 15. cxd5
{[%clk 0:56:41]} Bxd5 {[%clk 1:16:33]} 16. e4 {[%clk 0:56:39]} Bb7
{[%clk 1:16:29]} 17. Be2 {[%clk 0:54:51]} e5 {[%clk 0:58:06]} 18. Rc4
{[%clk 0:54:29]} Qe6 {[%clk 0:52:03]} 19. O-O {[%clk 0:54:40]} Rac8
{[%clk 0:47:27]} 20. Qa4 {[%clk 0:50:26]} a5 {[%clk 0:44:04]} 21. Rxc8
{[%clk 0:48:07]} Rxc8 {[%clk 0:44:14]} 22. Rd1 {[%clk 0:47:55]} g6
{[%clk 0:40:54]} 23. f3 {[%clk 0:42:29]} Kg7 {[%clk 0:39:29]} 24. Qb5
{[%clk 0:40:10]} Rc7 {[%clk 0:31:45]} 25. Bf1 {[%clk 0:37:30]} h5
{[%clk 0:26:51]} 26. Rd2 {[%clk 0:34:32]} h4 {[%clk 0:25:57]} 27. Rd1
{[%clk 0:28:15]} Rc6 {[%clk 0:20:29]} 28. Qd3 {[%clk 0:27:01]} Qe7
{[%clk 0:20:01]} 29. Qd2 {[%clk 0:26:04]} Ne8 {[%clk 0:16:33]} 30. Qf2
{[%clk 0:23:34]} Nc7 {[%clk 0:16:30]} 31. Qe3 {[%clk 0:18:03]} Bc8
{[%clk 0:11:37]} 32. Nd5 {[%clk 0:12:04]} Nxd5 {[%clk 0:10:06]} 33. exd5
{[%clk 0:11:21]} Rd6 {[%clk 0:08:37]} 34. Bc4 {[%clk 0:10:08]} Bb7
{[%clk 0:07:43]} 35. a4 {[%clk 0:07:55]} Qf6 {[%clk 0:07:27]} 36. Kf2
{[%clk 0:05:58]} Qf4 {[%clk 0:03:34]} 37. Qxf4 {[%clk 0:05:48]} exf4
{[%clk 0:03:59]} 38. g3 {[%clk 0:05:18]} fxg3+ {[%clk 0:03:12]} 39. hxg3
{[%clk 0:05:46]} g5 {[%clk 0:01:18]} 40. f4 {[%clk 0:32:22]} hxg3+
{[%clk 0:30:56]} 41. Kxg3 {[%clk 0:32:47]} Kf6 {[%clk 0:25:18]} 42. b4
{[%clk 0:28:15]} axb4 {[%clk 0:22:23]} 43. Rb1 {[%clk 0:28:36]} Bc8
{[%clk 0:20:28]} 44. Rxb4 {[%clk 0:28:05]} g4 {[%clk 0:19:13]} 45. Bb5
{[%clk 0:23:03]} Rxd5 {[%clk 0:17:22]} 46. Be2 {[%clk 0:23:27]} Rd6
{[%clk 0:17:05]} 47. Bxg4 {[%clk 0:23:49]} Ba6 {[%clk 0:15:11]} 48. Kf2
{[%clk 0:22:42]} Ke7 {[%clk 0:15:04]} 49. Ke3 {[%clk 0:22:59]} Kd8
{[%clk 0:14:58]} 50. Rd4 {[%clk 0:22:27]} Kc7 {[%clk 0:15:22]} 51. Rxd6
{[%clk 0:22:43]} Kxd6 {[%clk 0:15:46]} 52. Kd4 {[%clk 0:23:08]} Bb7
{[%clk 0:15:53]} 53. Bh5 {[%clk 0:21:52]} f6 {[%clk 0:16:13]} 54. Bd1
{[%clk 0:21:55]} Bd5 {[%clk 0:16:33]} 55. Bc2 {[%clk 0:22:16]} Be6
{[%clk 0:16:52]} 56. Bd1 {[%clk 0:22:36]} Kc6 {[%clk 0:17:07]} 57. Bf3+
{[%clk 0:22:59]} Kc7 {[%clk 0:17:28]} 58. Bd1 {[%clk 0:23:22]} Kb7
{[%clk 0:17:38]} 59. Kc3 {[%clk 0:22:57]} Kc7 {[%clk 0:18:00]} 1/2-1/2